00288aaa a2200121 450000500170000000700030001700800410002002200130006104000090007408200170008324500240010026000420012420210713110033.0ta210713c mr|p |||| 00| 0 eng d a0013516X coclc a537.5bJOU/E aElectronics for you aNew Delhi :bEFY Enterprises Pvt Ltd,